RB 110 Leipzig ↔ Döbeln (alle 15 Haltestellen) - Statistiken

Allgemein
  • Dieses Quiz wurde 14 mal gespielt
  • Das Durchschnittsergebnis liegt bei 7 aus 15
Antwortstatistiken
Haltestelle % Korrekt
Döbeln Hbf
100%
Leipzig Hbf
100%
Grimma ob Bf
73%
Leipzig-Engelsdorf
73%
Borsdorf (Sachsen)
64%
Naunhof
64%
Leipzig Paunsdorf
55%
Leipzig Sellerhausen
55%
Beucha
45%
Großsteinberg
27%
Großbothen
18%
Klosterbuch
9%
Leisnig
9%
Tanndorf
9%
Westewitz-Hochweitzschen
9%
Keine übereinstimmenden Quizze gefunden
Verteilung der Resultate
Anzahl Personen mit jedem Resultat
Perzentil nach korrekt beantworteten Fragen
Ihre Resultats-Entwicklung
Sie haben dieses Quiz noch nicht gespielt